000 00339nam a2200133Ia 4500
008 240624s9999 xx 000 0 und d
041 _aeng
082 _a005.133 XAV
100 _aXAVIER C
245 _aPROJECTS ON JAVA 2
260 _c2006
_aChennai
_bSCITECH Publications (India) Pvt.Ltd.
300 _a708p. : cm. ; 23
365 _cRS
_b30
999 _c4749
_d4749